La societas europaea origen y desarrollo del estatuto de la sociedad ann̤ima europea /

Bibliographic Details
Main Author: Duprat, Diego Arturo
Format: Unknown
Language:Spanish
Published: La Plata (Argentina) : Editora Platense, 2004
Subjects:
Online Access:Acceso restringido

MARC

LEADER 00000ny a22000003n 4500
005 20110525115047.0
008 050823s2004 ag s 001 0 spa d
020 |a 950-536-156-1 
035 |a 2343 
040 |a UMA.RE  |d vLex 
040 |a USPCEU-CDE  |d vLex 
080 |a 347.725(4-672 U.E.) 
090 |c 265  |d 265 
100 1 |a Duprat, Diego Arturo 
245 1 3 |a La societas europaea  |h [Recurso electrn̤ico]  |b origen y desarrollo del estatuto de la sociedad ann̤ima europea /  |c Diego Arturo Duprat 
256 |a Servicio en ln̕ea 
260 |a La Plata (Argentina) :  |b Editora Platense,  |c 2004 
506 1 |a Contenido solo disponible en los productos indicados  |d vLex Global  |d vLex Global (Academic Edition, excluding Law Schools)  |d vLex Global (U.S. Academic Edition, Law Schools)  |d vLex Global (U.S. Academic Edition, excluding Law Schools)  |d vLex Global (Academic Edition, Law Schools) 
650 0 4 |a Derecho mercantil  |z Pas̕es de la Unin̤ Europea 
650 0 4 |a Sociedades  |x Derecho  |z Pas̕es de la Unin̤ Europea 
740 0 |a vLex Libros (Servicios en ln̕ea) 
856 4 0 |z Acceso restringido  |u http://vlex.com/source/societas-europ-a-origen-desarrollo-estatuto-2343 
942 |c BOOK 
999 0 |a Commercial law  |b Argentina